000
00224nam a22000857a 4500
008
170616b xxu||||| |||| 00| 0 eng d
100
_9
3463
_a
Manivasakam. N
245
_a
Environmental Pollution
260
_a
New Delhi
_b
N. B. T
_c
2008
999
_c
6837
_d
6837